Love finds you in golden new Mexico/ (Record no. 10689)

000 -LEADER
fixed length control field 00485nam a2200145 4500
008 - FIXED-LENGTH DATA ELEMENTS--GENERAL INFORMATION
fixed length control field 151208b xxu||||| |||| 00| 0 eng d
020 ## - INTERNATIONAL STANDARD BOOK NUMBER
International Standard Book Number 9781935416746
050 ## - LIBRARY OF CONGRESS CALL NUMBER
Classification number PS 3554.O5675D6 2010
100 ## - MAIN ENTRY--PERSONAL NAME
Personal name Dooley, Lena Nelson.
Dates associated with a name 2010
245 ## - TITLE STATEMENT
Title Love finds you in golden new Mexico/
Statement of responsibility, etc. Lena Nelson Dooley
260 ## - PUBLICATION, DISTRIBUTION, ETC. (IMPRINT)
Place of publication, distribution, etc. Minneapolis;
Name of publisher, distributor, etc. Summerside Press,
Date of publication, distribution, etc. 2010.
300 ## - PHYSICAL DESCRIPTION
Extent 349 p. :
650 ## - SUBJECT ADDED ENTRY--TOPICAL TERM
Topical term or geographic name as entry element English Fiction.
942 ## - ADDED ENTRY ELEMENTS (KOHA)
Source of classification or shelving scheme
Koha item type Short Loan Books
Classification part PS 3554.O5675D6 2010
Holdings
Withdrawn status Lost status Source of classification or shelving scheme Damaged status Not for loan Home library Current library Date acquired Source of acquisition Total Checkouts Full call number Barcode Date last seen Price effective from Koha item type
          MACHAKOS UNIVERSITY LIBRARY MACHAKOS UNIVERSITY LIBRARY 08/12/2015 Donation (B.F.A)   PS 3554.O5675D6 2010 19928 08/12/2015 08/12/2015 Short Loan Books
© Machakos University Library, Along The Highway, Machakos Wote Rd, Machakos, Kenya P.O. Box 136 - 90100 Machakos - Kenya

Tel: ( +254 ) 723 805829 OR Fax : 044-20353 OR Email: library@mksu.ac.ke